Ръкавичка с играчки (Запис номер 162966)
[ съкратено ]
| 000 -Лидер | |
|---|---|
| Контролно поле с фиксирана дължина | 02496nam a2200445 c 4500 |
| 003 - Код на организацията, давaща контролен номер | |
| Контролно поле | BLK |
| 005 - Дата и час на последна редакция | |
| Контролно поле | 20250308120955.0 |
| 008 - Елементи от данни с фиксирана дължина | |
| fixed length control field | 180410b bul|||||r ||||||| ||bul|| |
| 010 ## - Наследен системен номер | |
| LC control number | KNG00170352000 |
| 020 ## - Международен стандартен номер на книга ISBN | |
| Международен стандартен номер на книга ISBN | 978-954-431-904-5 |
| -- | издат.: Златното пате |
| 040 ## - Източник на каталожния запис | |
| Идентификатор на билиотеката - собственик на записа | BLK |
| 041 ## - Код за език | |
| Код за езика на текст/звукозапис или на отделно заглавие | Български |
| Код за езика КДБФ | Български |
| 072 #7 - Код за тематичната категория | |
| Код организация | bullib |
| Код за тематична категория | Н85 |
| Текст | Детска художествена литература Н |
| 080 ## - УДК | |
| Текстов определител УДК | Българска литература |
| УДК код - определител по УДК | 821.163.2 |
| УДК определител | -93-1 |
| УДК - код + определител | 821.163.2-93-1 |
| 100 ## - Редна дума - Автор | |
| Автор | Багряна, Елисавета |
| Дати, свързани с автора | 1893-1991 |
| Пълна форма на името | Белчева, Елисавета Любомирова |
| R(LIN) | 364149 |
| 139 ## - Редно поле | |
| Редна дума | Ръкавичка с играчки |
| Авторски знак | Ръ - Р 97 |
| 245 10 - Сведения за заглавието | |
| Заглавие | Ръкавичка с играчки |
| Редно поле (дума) | Елисавета Багряна; ил. Патрисия Адамс; * Йордан Стубел; * Леда Гео Милева; * Елин Пелин. |
| 257 ## - Страна на издаване | |
| Страна на създаване/издаване | България |
| 260 ## - Област на издателските данни | |
| -- | София |
| Име на издателя, разпространителя и проч. | Златното пате |
| Година на издаване | 2012 |
| Печатница | София : Образование и наука |
| 300 ## - Физическа характеристика | |
| Страници | 8 с. |
| Илюстрации и др. | с цв. ил. |
| Размери/Мащаб | 17 см |
| 380 ## - Жанр | |
| Жанр | Детска худож. лит. |
| 490 1# - СЕРИИ (Колекции) | |
| Име на серия | Поредица Коледни мигове |
| 500 ## - Общи забележки | |
| Забележка | Кор. опис. - Елисавета Багряна - псевд. на Елисавета Любомирова Белчева ; Елин Пелин - псевд. на Димитър Иванов Стоянов. - Кн. отпеч. с нестандартна форма на ламиниран картон. Съдържа: Приказка / Елисавета Багряна. Мечето сурвака / Йордан Стубел. Новогодишна песен / Леда Милева. Дядо Мраз / Елин Пелин. - |
| 650 #4 - Допълнително описание по предмет – тема | |
| Основно описание – тема или топоним | Книжки-картинки |
| 9 (RLIN) | 267880 |
| 653 ## - Ключова дума – ненормативна | |
| Ключова дума | стихотворения за деца |
| 653 ## - Ключова дума – ненормативна | |
| Ключова дума | книжки-картинки |
| 653 ## - Ключова дума – ненормативна | |
| Ключова дума | литература за деца |
| 653 ## - Ключова дума – ненормативна | |
| Ключова дума | детска литература |
| 659 ## - Тематичен бюлетин | |
| Тематичен бюлетин | Н |
| 700 1# - Други автори (авторска отговорност) | |
| Лично име | Адамс, Патрисия |
| Автороска отговорност (Описва отношението между автора и произведението) | ил. |
| 9 (RLIN) | 331536 |
| 700 1# - Други автори (авторска отговорност) | |
| Лично име | Стубел, Йордан |
| Автороска отговорност (Описва отношението между автора и произведението) | * |
| Друга информация | Бакалов, Йордан Иванов |
| 9 (RLIN) | 126576 |
| 700 ## - Други автори (авторска отговорност) | |
| Лично име | Милева, Леда Гео |
| 9 (RLIN) | 363471 |
| 700 ## - Други автори (авторска отговорност) | |
| Лично име | Елин Пелин |
| Пълна форма на името | Стоянов, Димитър Иванов |
| 9 (RLIN) | 363511 |
| 852 ## - Местоположение | |
| Форматна сигнатура | Цб І 35749 |
| 856 4# - Електронен адрес и достъп | |
| Електронен формат | pdf - файл |
| Път до файла /url/ | |
| 856 4# - Електронен адрес и достъп | |
| Електронен формат | pdf - файл |
| Път до файла /url/ | |
| 942 ## - АРТИКУЛИ | |
| Вид на библиотечния материал | Книги |
| Скрит в OPAC | Не |
| Koha issues (borrowed), all copies | 8 |
| 944 ## - СЪЗДАВАНЕ И РЕДАКЦИЯ на ЗАПИСА | |
| Създаване/Редакция | Създаване |
| Дата на регистрацията/редакция | 28.01.2015 |
| Статус, дата на статуса | Русанова Ирена |
| Служител, извършил регистрацията/редакцията | 30542 |
| 944 ## - СЪЗДАВАНЕ И РЕДАКЦИЯ на ЗАПИСА | |
| Създаване/Редакция | Редакция |
| Дата на регистрацията/редакция | 10.06.2016 |
| Статус, дата на статуса | ф / |
| Служител, извършил регистрацията/редакцията | Людмила_Стоянова |
| 999 ## - СИСТЕМНИ КОНТРОЛНИ НОМЕРА | |
| Koha biblionumber | 162966 |
| Koha biblioitemnumber | 162966 |
| Код за отписване | Код за изгубен артикул | Код за повреда | Коз за рестрикции | Код за отдаване | Артикулен № | Име на библиотеката - собственик | Име на библиотеката, в която се намира в момента | Статус (Текущо местоположение) | Дата на вписване в системата | Местоположение - отдел | Цена в лева | Инвентарен номер | Систематично азбучна сигнатура | Баркод | Номер на екземпляра | Цена в евро | Служебна бележка | Служебен тип на артикула |
|---|---|---|---|---|---|---|---|---|---|---|---|---|---|---|---|---|---|---|
| Не е изгубен | Не е повреден | без рестрикции | ползва се в читалня | 272397 | Регионална библиотека "Любен Каравелов" Русе | Регионална библиотека "Любен Каравелов" Русе | Хранилище | 2015-01-29 | Хранилище | 2.50 | 120000784908 | Цб І 35749 | 120000784908 | 1 | 1.28 | Дост: Dp Вид: Д N: 22 Дата: 10.05.2014 | Книги | |
| Не е изгубен | Не е повреден | без рестрикции | заемане за дома | 272398 | Регионална библиотека "Любен Каравелов" Русе | Регионална библиотека "Любен Каравелов" Русе | Детски отдел | 2016-01-28 | Детски отдел | 2.50 | 120000797177 | ДХ 886.7/Р 97 | 120000797177 | 2 | 1.28 | Дост: DA Вид: А N: 4 Дата: 28.01.2016 | Книги |